| 000 | 00612naa a22001697a 4500 | ||
|---|---|---|---|
| 001 | 209886 | ||
| 003 | ES-MaBCM | ||
| 005 | 20230222123505.0 | ||
| 008 | 190104t2018 sp ||||| ||||o00| 0 spa d | ||
| 035 | _a(OCoLC)1365151975 | ||
| 040 | _cES-MaBCM | ||
| 100 | 1 |
_961912 _aVila Ramos, Beatriz |
|
| 245 | 1 | 0 |
_aTratamiento constitucional del menor _cBeatriz Vila |
| 504 | _aIncluye referencias bibliográficas | ||
| 773 | 0 |
_dMadrid, Centro de Estudios Políticos y Constitucionales, 2018 _gp. 2531-2544 - Loc. 60041/3 _tEspaña constitucional: (1978-2018) : trayectorias y perspectivas _w209035 |
|
| 942 |
_2udc _cAMON |
||
| 999 |
_c209886 _d209886 |
||